[Event "SVK-chT2A 9798"]
[Site "Slovakia"]
[Date "1998.??.??"]
[Round "?"]
[White "Kovacik, Lubomir"]
[Black "Bukovcak, Jaroslav"]
[Result "1-0"]
[WhiteElo "1720"]
[BlackElo "1925"]
[PlyCount "53"]
[EventDate "1997.??.??"]
[EventType "team"]
[EventRounds "11"]
[EventCountry "SVK"]
[SourceTitle "EXT 2001"]
[Source "ChessBase"]
[SourceDate "2000.11.22"]
[SourceVersion "1"]
[SourceVersionDate "2000.11.22"]
[SourceQuality "1"]

1. d4 d5 2. Nf3 Bf5 3. Bf4 c6 4. e3 Nf6 5. h3 h6 6. Bd3 Bxd3 7. Qxd3 Qb6 8. b3 Ne4 9. 0-0 Nd7 10. c4 e6 11. c5 Qd8 12. b4 a6 13. a4 b6 14. Nc3 Nxc3 15. Qxc3 Be7 16. Rfc1 bxc5 17. bxc5 0-0 18. Rcb1 a5 19. Rb7 Qc8 20. Rab1 f6 21. Rc7 Qe8 22. Rbb7 Rd8 23. Qxa5 e5 24. Bg3 f5 25. Nh2 Nb8 26. Qa7 Bf6 27. Rxg7+ 1-0

[Event "SVK-chT2A 9798"]
[Site "Slovakia"]
[Date "1998.??.??"]
[Round "?"]
[White "Kovacik, Lubomir"]
[Black "Janov, Dusan"]
[Result "1-0"]
[WhiteElo "1720"]
[BlackElo "1890"]
[PlyCount "45"]
[EventDate "1997.??.??"]
[EventType "team"]
[EventRounds "11"]
[EventCountry "SVK"]
[SourceTitle "EXT 2001"]
[Source "ChessBase"]
[SourceDate "2000.11.22"]
[SourceVersion "1"]
[SourceVersionDate "2000.11.22"]
[SourceQuality "1"]

1. d4 Nf6 2. Nf3 e6 3. c4 b6 4. Bg5 h6 5. Bxf6 Qxf6 6. e3 Bb7 7. Be2 Bb4+ 8. Nc3 c5 9. a3 cxd4 10. exd4 Bxc3+ 11. bxc3 d5 12. cxd5 exd5 13. Bb5+ Nc6 14. Qe2+ Kf8 15. 0-0 a6 16. Bxc6 Bxc6 17. Rfe1 Bb5 18. Qe5 Bc4 19. Rab1 b5 20. Qc7 g6 21. Ne5 Kg7 22. Nxf7 Rhf8 23. Ng5+ 1-0

[Event "SVK-chT2A 9798"]
[Site "Slovakia"]
[Date "1997.??.??"]
[Round "?"]
[White "Bilovsky, Milan"]
[Black "Kovacik, Lubomir"]
[Result "1/2-1/2"]
[WhiteElo "1860"]
[BlackElo "1720"]
[PlyCount "133"]
[EventDate "1997.??.??"]
[EventType "team"]
[EventRounds "11"]
[EventCountry "SVK"]
[SourceTitle "EXT 2001"]
[Source "ChessBase"]
[SourceDate "2000.11.22"]
[SourceVersion "1"]
[SourceVersionDate "2000.11.22"]
[SourceQuality "1"]

1. e4 c5 2. Nf3 d6 3. d4 cxd4 4. Nxd4 a6 5. Nc3 Nf6 6. Be3 Bd7 7. Be2 Nc6 8. f3 g6 9. 0-0 Bg7 10. Qd2 0-0 11. Rfd1 Rc8 12. Nb3 Ne5 13. Rac1 Nc4 14. Bxc4 Rxc4 15. Nd5 Nxd5 16. Qxd5 b5 17. c3 Qc7 18. Qd3 Rc8 19. h3 Be6 20. Nd4 Qa5 21. Nxe6 fxe6 22. a3 Qc7 23. f4 Qc6 24. e5 dxe5 25. fxe5 Bxe5 26. Bf2 Bd6 27. Re1 e5 28. Rcd1 Rf4 29. Bg3 Rf5 30. Qd5+ Qxd5 31. Rxd5 Rc5 32. Rxc5 Bxc5+ 33. Kh2 Bd6 34. Re4 Kf7 35. a4 Ke6 36. axb5 axb5 37. c4 bxc4 38. Rxc4 Kd5 39. Rc3 e4 40. Bxd6 exd6 41. b4 Kd4 42. Rc1 Rb5 43. Rd1+ Ke5 44. Rb1 d5 45. Kg1 d4 46. Kf2 Kd5 47. g4 g5 48. h4 h6 49. h5 Rb6 50. Ke2 Kc4 51. Kd2 Rxb4 52. Rc1+ Kd5 53. Rc8 Rb2+ 54. Kc1 Rg2 55. Rh8 Rxg4 56. Rxh6 Rh4 57. Rh8 Ke5 58. h6 Kf6 59. h7 Kg7 60. Rg8+ Kxh7 61. Rxg5 Kh6 62. Rd5 d3 63. Kd2 Rg4 64. Ke3 Rg5 65. Rd6+ Rg6 66. Rd5 Kg7 67. Kxe4 1/2-1/2

[Event "SVK-chT2A 9798"]
[Site "Slovakia"]
[Date "1997.??.??"]
[Round "?"]
[White "Triska, Miroslav"]
[Black "Kovacik, Lubomir"]
[Result "1/2-1/2"]
[WhiteElo "1970"]
[BlackElo "1720"]
[PlyCount "91"]
[EventDate "1997.??.??"]
[EventType "team"]
[EventRounds "11"]
[EventCountry "SVK"]
[SourceTitle "EXT 2001"]
[Source "ChessBase"]
[SourceDate "2000.11.22"]
[SourceVersion "1"]
[SourceVersionDate "2000.11.22"]
[SourceQuality "1"]

1. d4 d5 2. Nf3 e6 3. g3 Nf6 4. Bg2 Nbd7 5. 0-0 Be7 6. Nbd2 c5 7. c4 cxd4 8. cxd5 Nxd5 9. Nxd4 N7b6 10. N2f3 0-0 11. e4 Nf6 12. Qe2 Bd7 13. Bd2 Rc8 14. Rfc1 Bc6 15. Nxc6 bxc6 16. Bf4 c5 17. Rd1 Qe8 18. Ne5 Qa4 19. b3 Qe8 20. Qa6 Ra8 21. Rd2 Qc8 22. Qb5 Rd8 23. Rad1 Qb7 24. Nc6 Rxd2 25. Rxd2 Bf8 26. Na5 Qc8 27. Nc4 h6 28. a4 Qe8 29. Qxe8 Nxe8 30. Nxb6 axb6 31. Rd7 c4 32. bxc4 Rxa4 33. Rb7 Rxc4 34. Rb8 Nf6 35. Bd6 Nh7 36. Bxf8 Nxf8 37. Rxb6 Nd7 38. Rb2 Nc5 39. f3 Rc1+ 40. Bf1 Rc3 41. Be2 Kh7 42. h4 Nb3 43. g4 Nd4 44. Rd2 e5 45. Kf2 Kg6 46. Bd1 1/2-1/2

[Event "SVK-chT2B 9394"]
[Site "Slovakia"]
[Date "1994.??.??"]
[Round "8"]
[White "Manak, Jozef"]
[Black "Kovacik, Lubomir"]
[Result "0-1"]
[WhiteElo "1750"]
[BlackElo "1750"]
[PlyCount "154"]
[EventDate "1993.??.??"]
[EventType "team"]
[EventRounds "14"]
[EventCountry "SVK"]
[SourceTitle "EXT 2001"]
[Source "ChessBase"]
[SourceDate "2000.11.22"]
[SourceVersion "1"]
[SourceVersionDate "2000.11.22"]
[SourceQuality "1"]

1. e4 c5 2. b3 d6 3. Bb2 Nc6 4. c4 Nf6 5. Nc3 e6 6. Nf3 Be7 7. d4 cxd4 8. Nxd4 a6 9. Be2 Qb6 10. Nc2 0-0 11. 0-0 Rd8 12. Kh1 Bd7 13. f4 Rac8 14. Bf3 Nb4 15. Nxb4 Qxb4 16. Qe2 Qc5 17. e5 dxe5 18. fxe5 Ne8 19. Bxb7 Rb8 20. Bxa6 Nc7 21. Bb5 Nxb5 22. cxb5 Bxb5 23. Nxb5 Qxb5 24. Qf3 Rf8 25. Rf2 Rbd8 26. Rc1 Rd3 27. Qf4 h6 28. h3 Qd5 29. Kh2 Bg5 30. Qc4 Bxc1 31. Qxc1 Rd8 32. Qf4 Rd7 33. Bc1 Qd4 34. b4 Qxf4+ 35. Rxf4 Rc3 36. Rf1 Rdc7 37. Bf4 Ra3 38. b5 Rb7 39. Rb1 Rxa2 40. b6 Kf8 41. Be3 Ke8 42. Bc5 Rc2 43. Bd6 Rc6 44. Bc7 Rc5 45. Ra1 Kd7 46. Rd1+ Rd5 47. Rf1 Ke7 48. Ra1 Kd7 49. Rf1 Ke7 50. Ra1 Rxc7 51. bxc7 Kd7 52. Rf1 Kxc7 53. Rxf7+ Rd7 54. Rf2 Rd5 55. Re2 Kc6 56. Kg3 Rd4 57. Kf3 Kd5 58. Re3 g5 59. Re2 Rf4+ 60. Kg3 Re4 61. Rf2 Kxe5 62. Rf8 Rf4 63. Rh8 Rf6 64. Kg4 Ke4 65. Kh5 Kf4 66. g4 e5 67. Re8 e4 68. h4 gxh4 69. Kxh4 e3 70. Kh5 Kf3 71. g5 hxg5 72. Kxg5 Rd6 73. Rf8+ Ke2 74. Kf4 Kd2 75. Ra8 e2 76. Ra2+ Ke1 77. Ke3 Re6+ 0-1